000 00605nam a2200205Ia 4500
001 9222
003 GE_BSU
008 181216s||||||||xx |||||||||||||| ||und||
040 _cGE_BSU
080 _a821.353.1-1
100 _aლორთქიფანიძე,ზურაბ
245 _aლექსები
245 _cრედ:თ.აბულაძე;მხატვ:დ.დუნდუა
260 _aთბილისი.
260 _bსაბჭ.საქართველო
260 _c1978
300 _a173გვ;16სმ
653 _aლექსები
942 _cBK
999 _c42525
_d42525